So šetcom a paletou

Bibliographic Details
Main Authors: Želibský, Ján, 1907-1997 (Author), Szabó, Ivan (Author)
Format: Article
Language:Slovak
PhysicalDescription:Obr. 3.
Subjects:

MARC

LEADER 00000nab a2200000 a 4500
001 vtls000306020
003 SK-MaSNL
005 20260302214738.0
008 160215c1988 xo 0 slo
015 |a SNBRB19rr/mm-uuuuu 
035 |a CL0316139 
040 |a SNKBUCL  |b slo  |c SNKBUCL  |e AACR2 
041 0 |a slo 
044 |a xo  |c SK 
080 |a 75.071.1  |2 1981 
080 |a 378.124  |2 1981 
080 |a 929 Želibský, Ján  |2 1981 
100 1 |a Želibský, Ján,  |d 1907-1997  |4 aut  |9 132289 
245 1 0 |a So šetcom a paletou  |c Ján Želibský, Ivan Szabó 
300 |b Obr. 3. 
500 |a /Pokračovanie./ 
600 1 7 |a Želibský, Ján,  |d 1907-1997  |2 snkbucl  |9 132289 
655 7 |a články z novín a časopisov  |2 snkbucl  |9 267496 
700 1 |a Szabó, Ivan  |4 aut  |9 324273 
773 0 |t Život  |g Roč. 38, č. 9 (1988), s. 54-55 
850 |a Slovenská národná knižnica v Martine  |a MTA001 
852 |a SNK  |b KIS3GCP 
958 |a BX 
958 |a RK 
992 |a RBX 
999 |c 1499366  |d 1501296